Secondary minerals in the Pieniny Andesites (South Poland)

Elmentve itt :
Bibliográfiai részletek
Szerzők: Michalik Marek
Ladenberger A.
Skiba M.
Warzecha M.
Zych B.
Dokumentumtípus: Cikk
Megjelent: Department of Mineralogy, Geochemistry and Petrology, University of Szeged Szeged 2006
Sorozat:Acta mineralogica-petrographica 5
Acta mineralogica-petrographica : abstract series 5
Kulcsszavak:Földtan - előadáskivonat, Kőzettan - előadáskivonat, Ásványtan - előadáskivonat
Tárgyszavak:
Online Access:http://acta.bibl.u-szeged.hu/31731
LEADER 01081nab a2200265 i 4500
001 acta31731
005 20260212140937.0
008 161017s2006 hu o 000 eng d
022 |a 0324-6523, 1589-4835 
040 |a SZTE Egyetemi Kiadványok Repozitórium  |b hun 
041 |a eng 
100 1 |a Michalik Marek 
245 1 0 |a Secondary minerals in the Pieniny Andesites (South Poland)  |h [elektronikus dokumentum] /  |c  Michalik Marek 
260 |a Department of Mineralogy, Geochemistry and Petrology, University of Szeged  |b Szeged  |c 2006 
300 |a 77 
490 0 |a Acta mineralogica-petrographica  |v 5 
490 0 |a Acta mineralogica-petrographica : abstract series  |v 5 
650 4 |a Természettudományok 
650 4 |a Föld- és kapcsolódó környezettudományok 
695 |a Földtan - előadáskivonat, Kőzettan - előadáskivonat, Ásványtan - előadáskivonat 
700 0 1 |a Ladenberger A.  |e aut 
700 0 1 |a Skiba M.  |e aut 
700 0 1 |a Warzecha M.  |e aut 
700 0 1 |a Zych B.  |e aut 
856 4 0 |u http://acta.bibl.u-szeged.hu/31731/1/mineralogica_as_005_077.pdf  |z Dokumentum-elérés